Представление документа в формате RUSMARC

ПолеНазваниеЗначение
  Тип записи a
  Библиографический уровень a
001 Контрольный номер RU/REG73/CBS_GRAD/bcf6c9d673784e60a3573f84edf22095
005 Дата корректировки 20251021103424.1
100 Данные общей обработки __
a Данные общей обработки 20230920 ||| 0rusy0189 ca
101 Язык документа 0_
a Язык текста rus
102 Страна публикации __
a Страна публикации RU
200 Заглавие и сведения об ответственности 1_
a Заглавие Явление Маяковского
e Сведения, относящиеся к заглавию О выставке в Государственном литературном музее
215 Физическое описание __
a Объем С.7.
461 Уровень набора _0
1 2000
a Завтра
463 Уровень физической единицы _0
1 2000
8
v №33 (август)
1 2101
d 2023
1 001RU/REG73/CBS_GRAD/1981ed08cd7344cabc603e744bed4a94
600 Персоналии _1
a Персоналии (Фамилия) Маяковский
b Персоналии (Имя, инициалы) В.В.
606 Тематические рубрики 0_
a Основная рубрика Русские советские поэты
610 Ключевые слова 0_
a Ключевые слова Маяковский
686 Индексы других классификаций __
a Классификационный индекс 83.3(2 Рос=Рус)6
2 Код системы rubbk
700 Автор _1
a Фамилия Иванкина
b Имя (инициалы) Г.
g Полное личное имя Галина
801 Источник записи _0
a Страна RU
b Организация RuCBSGrad
c Дата составления 20230920
g Правила каталогизации RCR
801 Источник записи _1
a Страна RU
b Организация RuCBSGrad
c Дата составления 20230920
g Правила каталогизации RCR
852 Данные о местонахождении __
a Наименование организации МБУК ЦБС г. Димитровграда
m Каталогизатор Тенигина
901 Тип документа __
t Тип документа f
w Контрольный № источника RU/REG73/CBS_GRAD/1981ed08cd7344cabc603e744bed4a94
909 Создатель записи __
a Создатель записи Тенигина